Trudniejszy quiz o Brawl Stars - Statystyki

Ogólne statystyki
  • Ten quiz został rozwiązany 101 razy
  • Średni wynik to 3 z 5
Statystyki odpowiedzi
Zagadnienie Odpowiedź % Poprawnych
Siostra Leona Nita
86%
Który z tych zadymiarzy zaczyna się na taką literę , na którą nikt inny nie zaczyna się na nią? Willow
71%
Ile jest epickich zadymiarzy? 25
57%
Których zadymiarzy można wybrać na 15 dzień? Griff & Edgar
57%
Ile jest zadymiarzy? 80
14%
Nie znaleziono quizów pasujących do podanych kryteriów
Rozkład punktacji
Procent ludzi z każdym wynikiem
Percentyl według liczby udzielonych odpowiedzi
Twoja historia wyników
Nie rozwiązałeś tego quizu